| 000 | 00446nam a2200181Ia 4500 | ||
|---|---|---|---|
| 008 | 230524s9999 xx 000 0 und d | ||
| 020 | _a9780070601611 | ||
| 082 |
_a518.4 _bVEE |
||
| 100 | _aT Veerarajan | ||
| 245 | 0 | _aNumerical Methods With Programs in C | |
| 250 | _a2ND | ||
| 260 |
_aNEW DELHI _bTMH _c2010 |
||
| 300 | _aXII;11.24 | ||
| 500 | _aQuantity Number: 28 | ||
| 650 | _aMathematics | ||
| 700 | _a T Ramachandran | ||
| 942 | _cBK | ||
| 999 |
_c46375 _d46375 |
||